[Event "LEM Nachwuchs M-V u25 08.-12.02.2020"]
[Site "Aula Fleesenseeschule Malch"]
[Date "2020.02.09"]
[Round "2.14"]
[White "Kern, Odin"]
[Black "Mochtak, Maximilian"]
[Result "0-1"]
[WhiteElo "732"]
[BlackElo "998"]
[PlyCount "60"]
[EventDate "2020.??.??"]
[WhiteTeam "HSG Stralsund"]
[BlackTeam "TuS Makkabi Rostock"]

1. e4 c5 2. Nc3 e6 3. Nf3 a6 4. d3 Nc6 5. Bg5 f6 6. Ne5 Nxe5 7. Qh5+ g6 8. Bxf6
Nxf6 9. Qxe5 b5 10. O-O-O d6 11. Qg5 e5 12. f3 b4 13. Nd5 Nxd5 14. Qxd8+ Kxd8
15. exd5 Bb7 16. d4 cxd4 17. c3 bxc3 18. bxc3 dxc3 19. Kc2 Rc8 20. g3 Bh6 21.
Rb1 Bxd5 22. Bxa6 Rc5 23. Rb8+ Kd7 24. Rxh8 e4 25. fxe4 Bxe4+ 26. Kb3 Bxh1 27.
Kb4 Bd2 28. Bb5+ Bc6 29. Bxc6+ Rxc6 30. Rf8 c2+ 0-1

[Event "LEM Nachwuchs M-V u25 08.-12.02.2020"]
[Site "Aula Fleesenseeschule Malch"]
[Date "2020.02.09"]
[Round "3.1"]
[White "Lübbert, Charline"]
[Black "Goldbach, Aaron"]
[Result "0-1"]
[WhiteElo "1511"]
[BlackElo "1859"]
[PlyCount "60"]
[EventDate "2020.??.??"]
[WhiteTeam "TSG Gadebusch"]
[BlackTeam "SC Mecklenburger Springer"]

1. e4 c5 2. Nf3 e6 3. Be2 Nc6 4. d4 cxd4 5. Nxd4 Qc7 6. Nxc6 bxc6 7. O-O Nf6 8.
Qd3 d5 9. exd5 cxd5 10. Be3 Bd6 11. g3 O-O 12. Nd2 Rb8 13. b3 e5 14. c3 Bh3 15.
Rfc1 Ba3 16. Re1 Bb2 17. Rad1 Bxc3 18. f3 d4 19. Bf2 Rfe8 20. Bf1 Bxf1 21. Rxf1
Qa5 22. a4 Qb4 23. Nb1 Qxb3 24. Nxc3 Qxc3 25. Qe2 Rb2 26. Qa6 Qxf3 27. Qd3 Qxd3
28. Rxd3 Ra2 29. Re1 Rxa4 30. Rb3 Ng4 0-1

[Event "LEM Nachwuchs M-V u25 08.-12.02.2020"]
[Site "Aula Fleesenseeschule Malch"]
[Date "2020.02.09"]
[Round "3.2"]
[White "Schmidt, Arne"]
[Black "Krüger, Louis"]
[Result "1-0"]
[WhiteElo "1674"]
[BlackElo "1404"]
[PlyCount "63"]
[EventDate "2020.??.??"]
[WhiteTeam "SF Schwerin"]
[BlackTeam "SG Neubrandenburg"]

1. Nf3 Nf6 2. b3 g6 3. Bb2 Bg7 4. e3 d6 5. Be2 O-O 6. O-O c5 7. d3 b5 8. Nbd2
Nbd7 9. c4 b4 10. d4 Bb7 11. Rc1 Rc8 12. Rc2 Qa5 13. Qa1 Be4 14. Nxe4 Nxe4 15.
Bd3 Nef6 16. Rd1 Rfe8 17. Rcd2 cxd4 18. exd4 e5 19. dxe5 dxe5 20. Bf1 Rcd8 21.
Nxe5 Nxe5 22. Rxd8 Rxd8 23. Rxd8+ Qxd8 24. Bxe5 Qb6 25. Qd4 Qxd4 26. Bxd4 Ne4
27. Bxa7 Kf8 28. Bd3 Nc3 29. c5 Nd5 30. Bc4 Nc7 31. Bb8 Na8 32. Bd6+ 1-0

[Event "LEM Nachwuchs M-V u25 08.-12.02.2020"]
[Site "Aula Fleesenseeschule Malch"]
[Date "2020.02.09"]
[Round "3.3"]
[White "Ostrzinski, Jan"]
[Black "Lange, Anton"]
[Result "1-0"]
[WhiteElo "1532"]
[BlackElo "1385"]
[PlyCount "53"]
[EventDate "2020.??.??"]
[WhiteTeam "Think Rochade"]
[BlackTeam "HSG Stralsund"]

1. e4 e5 2. Nf3 Nc6 3. Bb5 d6 4. d4 exd4 5. Nxd4 Bd7 6. O-O Nxd4 7. Bxd7+ Qxd7
8. Qxd4 Nf6 9. Bg5 Be7 10. Nc3 O-O 11. Rad1 Rfe8 12. Be3 Ng4 13. Nd5 Nxe3 14.
Qxe3 b6 15. Qc3 Rac8 16. e5 dxe5 17. Nxb6 Qxd1 18. Rxd1 cxb6 19. Qd3 Red8 20.
Qe2 f6 21. g3 Rxd1+ 22. Qxd1 Rd8 23. Qe2 Rc8 24. c3 Rc7 25. Qb5 Kf8 26. Qd5 h6
27. Kg2 1-0

[Event "LEM Nachwuchs M-V u25 08.-12.02.2020"]
[Site "Aula Fleesenseeschule Malch"]
[Date "2020.02.09"]
[Round "3.4"]
[White "Ederle, Artöm"]
[Black "Zoll, Cindy"]
[Result "1-0"]
[WhiteElo "1591"]
[BlackElo "1387"]
[PlyCount "67"]
[EventDate "2020.??.??"]
[WhiteTeam "Greifswalder SV"]
[BlackTeam "SG Güstrow"]

1. d4 f5 2. Nf3 Nf6 3. c4 d5 4. Nc3 e6 5. Bf4 c6 6. e3 Bb4 7. a3 Be7 8. h3 O-O
9. Bd3 Ne4 10. g4 Bh4 11. Nxe4 fxe4 12. Nxh4 exd3 13. Nf3 dxc4 14. b3 Qa5+ 15.
Nd2 c3 16. Nc4 Qd5 17. O-O e5 18. Nxe5 h5 19. Nxd3 c2 20. Qxc2 hxg4 21. hxg4
Bxg4 22. f3 Bh3 23. Rf2 g5 24. Ne5 Qe6 25. Bxg5 Rf5 26. f4 Nd7 27. Rh2 Rxe5 28.
dxe5 Qg4+ 29. Kh1 Qf3+ 30. Kg1 Qg4+ 31. Kf2 Qe6 32. Rah1 Bf5 33. e4 Bg6 34.
Rh8+ 1-0

[Event "LEM Nachwuchs M-V u25 08.-12.02.2020"]
[Site "Aula Fleesenseeschule Malch"]
[Date "2020.02.09"]
[Round "3.5"]
[White "Griep, Daniel"]
[Black "Lange, Marius Moritz"]
[Result "0-1"]
[WhiteElo "1316"]
[BlackElo "1703"]
[PlyCount "68"]
[EventDate "2020.??.??"]
[WhiteTeam "TSG Neustrelitz"]
[BlackTeam "VT Ludwigslust"]

1. e4 d6 2. Nf3 Nf6 3. Nc3 g6 4. Bc4 Bg7 5. O-O c6 6. d4 b5 7. Bd3 O-O 8. d5 b4
9. Ne2 Bg4 10. Nf4 cxd5 11. Nxd5 a5 12. h3 Bxf3 13. Qxf3 Nbd7 14. Bb5 Nc5 15.
Bg5 Ncxe4 16. Bf4 Nxd5 17. Qxe4 Nxf4 18. Qxf4 Bxb2 19. Rae1 Bc3 20. Bc6 Bxe1
21. Bxa8 Bxf2+ 22. Qxf2 Qxa8 23. Re1 e6 24. Qd2 Qc6 25. Rc1 Rc8 26. h4 h5 27.
Qf2 Qc5 28. Rf1 Kg7 29. g3 Qxf2+ 30. Rxf2 f5 31. Kg2 Kf6 32. Rf3 Rxc2+ 33. Kh3
e5 34. a3 Rc3 0-1

[Event "LEM Nachwuchs M-V u25 08.-12.02.2020"]
[Site "Aula Fleesenseeschule Malch"]
[Date "2020.02.09"]
[Round "3.6"]
[White "Ivanov, Maksim"]
[Black "Bohndorf, Tobias"]
[Result "0-1"]
[WhiteElo "1034"]
[BlackElo "1440"]
[PlyCount "92"]
[EventDate "2020.??.??"]
[WhiteTeam "SSC Rostock"]
[BlackTeam "SV Gryps"]

1. d4 d6 2. c4 Bf5 3. Nc3 Nf6 4. Bg5 Nbd7 5. Qa4 c6 6. d5 Nb6 7. Qd1 Nxc4 8.
Bxf6 exf6 9. e4 Bxe4 10. Bxc4 Bxg2 11. dxc6 bxc6 12. Nd5 Bxh1 13. f3 Rb8 14.
Qa4 Qd7 15. O-O-O cxd5 16. Re1+ Be7 17. Qxd7+ Kxd7 18. Bxd5 Rhc8+ 19. Kb1 f5
20. Bxf7 Rc7 21. Be6+ Kd8 22. Bxf5 Rcb7 23. b3 g6 24. Be4 Rb5 25. Nh3 Bg2 26.
Nf4 Bxf3 27. Bxf3 Rf5 28. Ne6+ Kd7 29. Bg4 Rf2 30. Nc5+ Ke8 31. Ne4 Rxh2 32.
Nxd6+ Kf8 33. Rf1+ Kg8 34. Be6+ Kh8 35. Nf7+ Kg7 36. Ne5 Rf8 37. Rxf8 Bxf8 38.
Nc6 Ba3 39. Nxa7 Rb2+ 40. Ka1 Re2 41. Kb1 Rxe6 42. Nb5 Re1+ 43. Kc2 Re2+ 44.
Kb1 Bb2 45. a4 Be5 46. Kc1 Rb2 0-1

[Event "LEM Nachwuchs M-V u25 08.-12.02.2020"]
[Site "Aula Fleesenseeschule Malch"]
[Date "2020.02.09"]
[Round "3.7"]
[White "Ryll, Emily Maria"]
[Black "Tews, Leon"]
[Result "0-1"]
[WhiteElo "827"]
[BlackElo "1273"]
[PlyCount "92"]
[EventDate "2020.??.??"]
[WhiteTeam "SG Neubrandenburg"]
[BlackTeam "SAV Torgelow"]

1. e4 c5 2. Nc3 Nc6 3. Nf3 g6 4. Bc4 Bg7 5. d3 Nf6 6. Bf4 d6 7. O-O O-O 8. Ng5
a6 9. Bxf7+ Rxf7 10. Nxf7 Kxf7 11. Re1 b5 12. Nb1 b4 13. Nd2 Nh5 14. Bg5 Bxb2
15. Rb1 Bc3 16. Re2 Nd4 17. Re3 Kg7 18. Nf3 Qf8 19. e5 Be6 20. a4 a5 21. Nd2 h6
22. Bh4 Qf7 23. Ne4 dxe5 24. Nxc3 bxc3 25. Rxe5 g5 26. Bg3 Nxg3 27. hxg3 Rf8
28. Qe1 Nxc2 29. Qe2 Nd4 30. Qe1 c2 31. Rc1 Re8 32. Rxc5 Qg6 33. Qe3 Nb3 34.
R1xc2 Nxc5 35. Qxc5 Qxd3 36. Qe5+ Kf7 37. Re2 Qf5 38. Qe3 Rc8 39. f3 Qc5 40.
Kh2 Qxe3 41. Rxe3 Rc4 42. g4 Rxa4 43. Kh3 Ra1 44. Kg3 a4 45. f4 gxf4+ 46. Kxf4
a3 0-1

[Event "LEM Nachwuchs M-V u25 08.-12.02.2020"]
[Site "Aula Fleesenseeschule Malch"]
[Date "2020.02.09"]
[Round "3.8"]
[White "Schulz, Bruno Andreas"]
[Black "Reichelt, Jerome"]
[Result "1/2-1/2"]
[WhiteElo "1270"]
[BlackElo "905"]
[PlyCount "70"]
[EventDate "2020.??.??"]
[WhiteTeam "TuS Makkabi Rostock"]
[BlackTeam "SV Grevesmühlen"]

1. d4 d5 2. c4 Nf6 3. cxd5 Nxd5 4. e4 Nb6 5. Be3 e5 6. d5 c6 7. Bxb6 axb6 8.
Nc3 Bb4 9. Bc4 O-O 10. Nf3 Re8 11. O-O Bg4 12. h3 Bh5 13. Qd3 Nd7 14. Ne2 b5
15. Bb3 Bg6 16. Rac1 Nf6 17. Ng3 cxd5 18. Bxd5 Nxd5 19. Qxd5 Qxd5 20. exd5 Rxa2
21. b3 f6 22. Rfd1 Bc2 23. Rf1 Rd8 24. Ne1 Bg6 25. h4 Bf7 26. Nd3 Ba3 27. Rc3
b4 28. Rc5 Rd2 29. Nc1 R2xd5 30. Rc7 R5d7 31. Rc5 b6 32. Rc6 Rd6 33. Rc7 Be6
34. Ne4 R6d7 35. Rc6 Bd5 1/2-1/2

[Event "LEM Nachwuchs M-V u25 08.-12.02.2020"]
[Site "Aula Fleesenseeschule Malch"]
[Date "2020.02.09"]
[Round "3.10"]
[White "Duong, Yen Nhi"]
[Black "Kerth, Robert"]
[Result "0-1"]
[WhiteElo "745"]
[BlackElo "1544"]
[PlyCount "68"]
[EventDate "2020.??.??"]
[WhiteTeam "SG Neubrandenburg"]
[BlackTeam "SV Gryps"]

1. d4 d5 2. c4 dxc4 3. Nf3 Nc6 4. Nc3 Bg4 5. Bg5 Nf6 6. e3 h6 7. Bh4 g5 8. Bg3
e6 9. Bxc4 Bb4 10. O-O Bxc3 11. bxc3 Qe7 12. Rb1 O-O-O 13. Qb3 Na5 14. Qb5 b6
15. Qa6+ Kb8 16. Ne5 Ne4 17. Bb5 Rd6 18. Nxg4 Nxg3 19. hxg3 h5 20. Ne5 f6 21.
Ng6 Qg7 22. Nxh8 Qxh8 23. Rb4 h4 24. c4 Nb7 25. Rc1 f5 26. c5 bxc5 27. dxc5
Rxa6 28. c6 Rb6 29. Rd1 Nd6 30. a4 Qc3 31. Rdb1 hxg3 32. R1b3 Qe1+ 33. Bf1
Qxf2+ 34. Kh1 Qxf1# 0-1

[Event "LEM Nachwuchs M-V u25 08.-12.02.2020"]
[Site "Aula Fleesenseeschule Malch"]
[Date "2020.02.09"]
[Round "3.11"]
[White "Brand, Hannes"]
[Black "Eichler, Max"]
[Result "0-1"]
[WhiteElo "1208"]
[BlackElo "888"]
[PlyCount "100"]
[EventDate "2020.??.??"]
[WhiteTeam "SC Mecklenburger Springer"]
[BlackTeam "TSG Gadebusch"]

1. d4 d5 2. Bf4 Nc6 3. e3 Bf5 4. c4 e6 5. a3 Nf6 6. Nc3 Bd6 7. Bg3 Ne4 8. cxd5
Nxc3 9. bxc3 exd5 10. Bxd6 Qxd6 11. Nf3 O-O 12. c4 Be6 13. c5 Qe7 14. Bb5 Na5
15. Ne5 f6 16. Nd3 c6 17. Ba4 Nc4 18. Bb3 b5 19. a4 Qb7 20. Rb1 Na3 21. Rb2 Nc4
22. Bxc4 dxc4 23. Nf4 Bf7 24. Qg4 c3 25. Rc2 bxa4 26. O-O Qb3 27. Rfc1 a3 28.
Rxc3 Qb2 29. R3c2 Qb3 30. Rc3 Qb2 31. Nd3 Qa2 32. Qd1 Rab8 33. Ra1 Qxa1 34.
Qxa1 a2 35. Nb2 Rb4 36. Rc2 Rfb8 37. g4 a5 38. Kf1 a4 39. Kg2 a3 40. Nd3 Rb1
41. Qc3 a1=Q 42. Qd2 Bd5+ 43. Kh3 Rg1 44. Nf4 Qf1+ 45. Kh4 g5+ 46. Kh5 gxf4 47.
h4 Bf7+ 48. Kh6 Rxg4 49. h5 Qh3 50. f3 Qxh5# 0-1

[Event "LEM Nachwuchs M-V u25 08.-12.02.2020"]
[Site "Aula Fleesenseeschule Malch"]
[Date "2020.02.09"]
[Round "3.14"]
[White "Markovych, Leonid"]
[Black "Kimura, Jonas Minoru"]
[Result "1-0"]
[WhiteElo "1117"]
[BlackElo "1415"]
[PlyCount "41"]
[EventDate "2020.??.??"]
[WhiteTeam "TuS Makkabi Rostock"]
[BlackTeam "SSC Rostock"]

1. d4 d5 2. c4 Nf6 3. cxd5 Nxd5 4. e4 Nf6 5. Nc3 e6 6. g3 b6 7. Nge2 Bb7 8. Bg2
Be7 9. O-O O-O 10. Bg5 Nbd7 11. Rc1 a6 12. a3 h6 13. Bf4 Rc8 14. Qd2 Kh7 15.
Rfd1 Nh5 16. Be3 f5 17. Nf4 Nxf4 18. Bxf4 Nf6 19. e5 Bxg2 20. exf6 Bxa3 21.
fxg7 1-0

[Event "LEM Nachwuchs M-V u25 08.-12.02.2020"]
[Site "Aula Fleesenseeschule Malch"]
[Date "2020.02.09"]
[Round "3.15"]
[White "Krämer, Bruno"]
[Black "Pommerehnke, Marla"]
[Result "1/2-1/2"]
[WhiteElo "904"]
[BlackElo "1000"]
[PlyCount "42"]
[EventDate "2020.??.??"]
[WhiteTeam "HSG Stralsund"]
[BlackTeam "TuS Makkabi Rostock"]

1. d4 d5 2. Nf3 Nf6 3. Bf4 a6 4. Nc3 Bf5 5. e3 e6 6. Bd3 Bg6 7. O-O Nc6 8. a3
Bd6 9. Bxd6 Qxd6 10. b4 Bxd3 11. Qxd3 O-O 12. Rfb1 b5 13. Nd2 Rfb8 14. Nb3 Na7
15. Nc5 Qc6 16. a4 Qd6 17. axb5 axb5 18. Ra6 Qd8 19. Rba1 Nc6 20. Rb1 Rxa6 21.
Nxa6 Rb6 1/2-1/2

[Event "LEM Nachwuchs M-V u25 08.-12.02.2020"]
[Site "Aula Fleesenseeschule Malch"]
[Date "2020.02.09"]
[Round "3.16"]
[White "Camen, Gerris"]
[Black "Kern, Odin"]
[Result "1/2-1/2"]
[WhiteElo "860"]
[BlackElo "732"]
[PlyCount "78"]
[EventDate "2020.??.??"]
[WhiteTeam "Lok Pritzwalk"]
[BlackTeam "HSG Stralsund"]

1. e4 e5 2. Nf3 Nc6 3. Bc4 Nf6 4. d3 Bb4+ 5. Bd2 Bxd2+ 6. Nbxd2 O-O 7. O-O d6
8. Nb3 Bg4 9. h3 Bxf3 10. Qxf3 Nb4 11. Rfc1 a5 12. a3 a4 13. axb4 axb3 14. Bxb3
Rxa1 15. Rxa1 b6 16. Ra7 Qb8 17. Ra6 c5 18. bxc5 dxc5 19. Bd5 Qd6 20. Ra7 Qb8
21. Ra8 Qc7 22. Rxf8+ Kxf8 23. c3 Nxd5 24. exd5 b5 25. b3 c4 26. dxc4 bxc4 27.
b4 Qb8 28. b5 Qxb5 29. d6 Qb1+ 30. Kh2 Qb8 31. Qe4 Qxd6 32. Qxc4 e4+ 33. Kg1
Qd1+ 34. Kh2 Qe1 35. Qc5+ Ke8 36. Qc6+ Ke7 37. Qc5+ Ke6 38. Qc4+ Kf6 39. Qc6+
Kg5 1/2-1/2

[Event "LEM Nachwuchs M-V u25 08.-12.02.2020"]
[Site "Aula Fleesenseeschule Malch"]
[Date "2020.02.10"]
[Round "4.1"]
[White "Goldbach, Aaron"]
[Black "Ostrzinski, Jan"]
[Result "1/2-1/2"]
[WhiteElo "1859"]
[BlackElo "1532"]
[PlyCount "35"]
[EventDate "2020.??.??"]
[WhiteTeam "SC Mecklenburger Springer"]
[BlackTeam "Think Rochade"]

1. c4 c5 2. g3 g6 3. Bg2 Bg7 4. Nc3 Nc6 5. a3 Nf6 6. d3 d6 7. e4 O-O 8. Nge2 e5
9. O-O Bd7 10. f4 exf4 11. Bxf4 Bg4 12. h3 Bxe2 13. Nxe2 Nh5 14. Bc1 Nd4 15.
Bf4 Nxe2+ 16. Qxe2 Nxf4 17. gxf4 Rb8 18. Rab1 1/2-1/2

[Event "LEM Nachwuchs M-V u25 08.-12.02.2020"]
[Site "Aula Fleesenseeschule Malch"]
[Date "2020.02.10"]
[Round "4.2"]
[White "Ederle, Artöm"]
[Black "Schmidt, Arne"]
[Result "0-1"]
[WhiteElo "1591"]
[BlackElo "1674"]
[PlyCount "86"]
[EventDate "2020.??.??"]
[WhiteTeam "Greifswalder SV"]
[BlackTeam "SF Schwerin"]

1. d4 Nf6 2. g4 d5 3. g5 Ne4 4. f3 Nd6 5. Nc3 e6 6. e4 dxe4 7. fxe4 Be7 8. Nf3
h6 9. gxh6 Bh4+ 10. Ke2 gxh6 11. Nxh4 Qxh4 12. Qd3 b6 13. Kd1 Ba6 14. Qf3 Bb7
15. d5 Nd7 16. Bf4 e5 17. Bg3 Qe7 18. Bh3 O-O-O 19. b3 h5 20. Kc1 h4 21. Bf2
Rhg8 22. Kb2 Rg6 23. Bxd7+ Qxd7 24. Bxh4 Rh8 25. Bg3 f5 26. Bxe5 fxe4 27. Nxe4
Rh3 28. Nxd6+ cxd6 29. Qf8+ Kc7 30. Bg3 Bxd5 31. Rhe1 Qg7+ 32. Qxg7+ Rxg7 33.
Rad1 Rh5 34. c4 Bf3 35. Rxd6 Rxg3 36. hxg3 Kxd6 37. Re3 Bg4 38. Kc3 Rh2 39. a3
Ra2 40. Kb4 a5+ 41. Kb5 Rxa3 42. Kxb6 a4 43. Re4 Rxb3+ 0-1

[Event "LEM Nachwuchs M-V u25 08.-12.02.2020"]
[Site "Aula Fleesenseeschule Malch"]
[Date "2020.02.10"]
[Round "4.3"]
[White "Lange, Marius Moritz"]
[Black "Zoll, Cindy"]
[Result "1-0"]
[WhiteElo "1703"]
[BlackElo "1387"]
[PlyCount "51"]
[EventDate "2020.??.??"]
[WhiteTeam "VT Ludwigslust"]
[BlackTeam "SG Güstrow"]

1. e4 e6 2. d4 d5 3. Nc3 Bb4 4. e5 Ne7 5. a3 Bxc3+ 6. bxc3 O-O 7. Bd3 Nd7 8.
Qg4 f5 9. Qg3 Qe8 10. Nf3 Qg6 11. Bg5 Qf7 12. h4 c5 13. h5 c4 14. Be2 f4 15.
Qg4 Qf5 16. Nh4 Qf7 17. Bxe7 Qxe7 18. Ng6 Qf7 19. Nxf8 Nxf8 20. Rh4 Bd7 21.
Qxf4 Qe7 22. Rg4 Be8 23. Qg3 Qc7 24. h6 g6 25. Rf4 Ba4 26. Kd2 1-0

[Event "LEM Nachwuchs M-V u25 08.-12.02.2020"]
[Site "Aula Fleesenseeschule Malch"]
[Date "2020.02.10"]
[Round "4.4"]
[White "Kerth, Robert"]
[Black "Lübbert, Charline"]
[Result "1/2-1/2"]
[WhiteElo "1544"]
[BlackElo "1511"]
[PlyCount "112"]
[EventDate "2020.??.??"]
[WhiteTeam "SV Gryps"]
[BlackTeam "TSG Gadebusch"]

1. e4 e5 2. Nf3 Nf6 3. Nc3 Nc6 4. Bb5 d6 5. d3 Bd7 6. Bg5 Be7 7. Qd2 a6 8. Ba4
h6 9. Bh4 Nxe4 10. dxe4 Bxh4 11. Nxh4 Qxh4 12. O-O-O Qg5 13. Qxg5 hxg5 14. Nd5
Rc8 15. h3 b5 16. Bb3 Nd4 17. Rd3 Be6 18. Ne3 Nxb3+ 19. axb3 g6 20. b4 f5 21.
f3 f4 22. Ng4 Ke7 23. Ra3 Ra8 24. Rd1 Ra7 25. Rdd3 Bc4 26. Rd1 Be6 27. b3 Bxg4
28. hxg4 Rh2 29. Rd2 Rh1+ 30. Kb2 Rh2 31. c4 bxc4 32. bxc4 Rh8 33. Rd5 c6 34.
Rd2 Rb8 35. Kc3 Ke6 36. Ra5 Rab7 37. Rxa6 Rxb4 38. Rxc6 Rb3+ 39. Kc2 Rb2+ 40.
Kd1 Rxd2+ 41. Kxd2 Kd7 42. Ra6 Rb2+ 43. Ke1 Rxg2 44. Ra7+ Kc6 45. Rg7 Rc2 46.
Rxg6 Rxc4 47. Rxg5 Kd7 48. Rg7+ Ke6 49. Rg6+ Ke7 50. Kd2 Rc6 51. Kd3 Kf7 52.
Rg5 Rc1 53. Rf5+ Ke7 54. Ke2 Rg1 55. Kd3 Rg3 56. Ke2 Rg2+ 1/2-1/2

[Event "LEM Nachwuchs M-V u25 08.-12.02.2020"]
[Site "Aula Fleesenseeschule Malch"]
[Date "2020.02.10"]
[Round "4.5"]
[White "Krüger, Louis"]
[Black "Mandrikov, Markus"]
[Result "0-1"]
[WhiteElo "1404"]
[BlackElo "1242"]
[PlyCount "84"]
[EventDate "2020.??.??"]
[WhiteTeam "SG Neubrandenburg"]
[BlackTeam "Think Rochade"]

1. d4 d5 2. e3 Nf6 3. f4 Nc6 4. Nf3 a6 5. c3 Bf5 6. Bd3 Qd7 7. O-O O-O-O 8.
Bxf5 Qxf5 9. Ne5 Nxe5 10. fxe5 Qg6 11. exf6 gxf6 12. Qf3 Kb8 13. Nd2 Bh6 14. b3
Rhg8 15. g3 Qc2 16. c4 Qc3 17. Re1 Qxa1 18. Qh5 Bxe3+ 19. Kf1 Bxd2 20. Bxd2
Qxd4 21. Be3 Qd3+ 22. Kf2 dxc4 23. bxc4 Qxc4 24. Kg1 Qxa2 25. Qc5 b6 26. Qc6
Qb3 27. Bf4 e5 28. Be3 Rd6 29. Qe4 Rgd8 30. Re2 a5 31. Qxh7 a4 32. h4 a3 33.
Qc2 Qxc2 34. Rxc2 Rd3 35. Kf2 Rb3 36. Bc1 Rdd3 37. g4 Rdc3 38. Rxc3 Rxc3 39.
Bxa3 Rxa3 40. Kg2 b5 41. h5 b4 42. h6 Kb7 0-1

[Event "LEM Nachwuchs M-V u25 08.-12.02.2020"]
[Site "Aula Fleesenseeschule Malch"]
[Date "2020.02.10"]
[Round "4.6"]
[White "Lange, Anton"]
[Black "Fromm, Robert"]
[Result "1/2-1/2"]
[WhiteElo "1385"]
[BlackElo "1178"]
[PlyCount "82"]
[EventDate "2020.??.??"]
[WhiteTeam "HSG Stralsund"]
[BlackTeam "ASV Wismar"]

1. d4 f5 2. Bf4 Nf6 3. Nf3 e6 4. e3 Be7 5. Bd3 O-O 6. O-O d6 7. Nbd2 Bd7 8. Re1
d5 9. Ne5 Be8 10. Ndf3 c6 11. c4 Nh5 12. Rc1 g5 13. Bg3 Nxg3 14. fxg3 h5 15.
Qc2 g4 16. Nd2 Nd7 17. Nxd7 Qxd7 18. cxd5 exd5 19. Rf1 Bg6 20. Rce1 Bg5 21. Rf2
Rae8 22. Nf1 Kg7 23. a3 a6 24. b4 b5 25. Qc3 Re7 26. Bb1 Bh7 27. Rc2 Re6 28.
Ba2 f4 29. Rf2 f3 30. gxf3 gxf3 31. Nd2 Ref6 32. Bb1 Bxb1 33. Rxb1 Qh3 34. Rbf1
Qg4 35. e4 Bxd2 36. Qxd2 dxe4 37. Re1 Re8 38. Kh1 Kh7 39. Qe3 h4 40. Rg1 h3 41.
Re1 Qf5 1/2-1/2

[Event "LEM Nachwuchs M-V u25 08.-12.02.2020"]
[Site "Aula Fleesenseeschule Malch"]
[Date "2020.02.10"]
[Round "4.7"]
[White "Bohndorf, Tobias"]
[Black "Mochtak, Maximilian"]
[Result "1-0"]
[WhiteElo "1440"]
[BlackElo "998"]
[PlyCount "57"]
[EventDate "2020.??.??"]
[WhiteTeam "SV Gryps"]
[BlackTeam "TuS Makkabi Rostock"]

1. e4 c5 2. Nf3 e6 3. d4 Nc6 4. d5 exd5 5. exd5 Nce7 6. d6 Nf5 7. Qe2+ Nge7 8.
dxe7 Bxe7 9. Nc3 O-O 10. Be3 b6 11. O-O-O Bb7 12. Qd2 Bc6 13. Bb5 Bxb5 14. Nxb5
d6 15. Bf4 f6 16. Qd5+ Rf7 17. Qxf5 a6 18. Nxd6 Bxd6 19. Rxd6 Qe7 20. Qe6 Qxe6
21. Rxe6 b5 22. Rhe1 Rff8 23. Bd6 Rfc8 24. Re7 c4 25. Rd7 h6 26. Ree7 Kh7 27.
Rxg7+ Kh8 28. Rh7+ Kg8 29. Rdg7# 1-0

[Event "LEM Nachwuchs M-V u25 08.-12.02.2020"]
[Site "Aula Fleesenseeschule Malch"]
[Date "2020.02.10"]
[Round "4.8"]
[White "Tews, Leon"]
[Black "Eichler, Max"]
[Result "1/2-1/2"]
[WhiteElo "1273"]
[BlackElo "888"]
[PlyCount "62"]
[EventDate "2020.??.??"]
[WhiteTeam "SAV Torgelow"]
[BlackTeam "TSG Gadebusch"]

1. c4 e5 2. Nc3 Nf6 3. g3 Bc5 4. Bg2 Nc6 5. Nf3 d6 6. O-O Be6 7. d3 O-O 8. a3
Rb8 9. b4 Bb6 10. Rb1 Nd4 11. Nxd4 Bxd4 12. Bd2 Ng4 13. a4 Bxf2+ 14. Rxf2 Nxf2
15. Kxf2 Qf6+ 16. Kg1 Qe7 17. b5 f5 18. a5 b6 19. axb6 axb6 20. Ra1 f4 21. gxf4
exf4 22. Nd5 Qh4 23. Nxf4 Rxf4 24. Bxf4 Qxf4 25. Ra7 Qe3+ 26. Kh1 Rc8 27. Qf1
Rf8 28. Qg1 Qxe2 29. Rxc7 Qxd3 30. Bh3 Qe4+ 31. Bg2 Qe3 1/2-1/2

[Event "LEM Nachwuchs M-V u25 08.-12.02.2020"]
[Site "Aula Fleesenseeschule Malch"]
[Date "2020.02.10"]
[Round "4.9"]
[White "Reichelt, Jerome"]
[Black "Ivanov, Maksim"]
[Result "1-0"]
[WhiteElo "905"]
[BlackElo "1034"]
[PlyCount "61"]
[EventDate "2020.??.??"]
[WhiteTeam "SV Grevesmühlen"]
[BlackTeam "SSC Rostock"]

1. e4 c5 2. Nc3 Nc6 3. f4 g6 4. Bc4 Bg7 5. Nf3 Nf6 6. d4 cxd4 7. Nxd4 Nxd4 8.
Qxd4 O-O 9. Be3 Ng4 10. Qd3 Nxe3 11. Qxe3 e6 12. O-O-O a6 13. h4 b5 14. Bb3
Bxc3 15. Qxc3 a5 16. a3 Qe7 17. Qe5 b4 18. a4 Bb7 19. h5 f6 20. Qc7 Bc6 21.
hxg6 hxg6 22. g4 Rfd8 23. f5 Kg7 24. Rhe1 e5 25. g5 Rac8 26. gxf6+ Kxf6 27.
Rd6+ Kg5 28. Rxg6+ Kf4 29. Rf1+ Kxe4 30. Rg4+ Ke3 31. Qb6+ 1-0

[Event "LEM Nachwuchs M-V u25 08.-12.02.2020"]
[Site "Aula Fleesenseeschule Malch"]
[Date "2020.02.10"]
[Round "4.10"]
[White "Brand, Hannes"]
[Black "Schulz, Bruno Andreas"]
[Result "1-0"]
[WhiteElo "1208"]
[BlackElo "1270"]
[PlyCount "95"]
[EventDate "2020.??.??"]
[WhiteTeam "SC Mecklenburger Springer"]
[BlackTeam "TuS Makkabi Rostock"]

1. d4 d5 2. Bf4 Bf5 3. e3 e6 4. c4 Nf6 5. Qb3 b6 6. Nf3 Nbd7 7. Nc3 Be7 8. cxd5
exd5 9. Nxd5 Nxd5 10. Qxd5 Be6 11. Qc6 Rc8 12. Ba6 Ra8 13. Bxc7 Bb4+ 14. Ke2
Qf6 15. Qxa8+ Ke7 16. Qe4 Re8 17. Be5 Nxe5 18. Nxe5 Kf8 19. Bb5 Rc8 20. Bd7 Rd8
21. Bxe6 Qxe6 22. Rhd1 Rc8 23. d5 Qe7 24. Qxh7 Qxe5 25. Qh8+ Ke7 26. Qxc8 Qxb2+
27. Kf1 Bd6 28. Qg4 Qb5+ 29. Qe2 Qd7 30. h3 Qf5 31. e4 Qe5 32. g3 Qf6 33. f4
Qh6 34. Qg4 f6 35. Qe6+ Kf8 36. Qxd6+ Kf7 37. Qe6+ Kf8 38. d6 Qh5 39. Rd3 Qb5
40. Rad1 Qc6 41. Qe7+ Kg8 42. d7 f5 43. d8=Q+ Kh7 44. Qdf8 Qh6 45. Qxf5+ Qg6
46. Qh4+ Kg8 47. Rd8+ Qe8 48. Rxe8# 1-0

[Event "LEM Nachwuchs M-V u25 08.-12.02.2020"]
[Site "Aula Fleesenseeschule Malch"]
[Date "2020.02.10"]
[Round "4.12"]
[White "Krohn, Joshua"]
[Black "Markovych, Leonid"]
[Result "0-1"]
[WhiteElo "762"]
[BlackElo "1117"]
[PlyCount "74"]
[EventDate "2020.??.??"]
[WhiteTeam "SG Jasmund"]
[BlackTeam "TuS Makkabi Rostock"]

1. e4 c5 2. Nc3 e6 3. Nf3 a6 4. Be2 Qc7 5. O-O Nf6 6. d3 d6 7. Bg5 Be7 8. h3
O-O 9. Qd2 Nbd7 10. Bh4 b5 11. a4 b4 12. Nd1 a5 13. b3 Bb7 14. Ne3 Rfe8 15. c4
Rad8 16. Bxf6 Bxf6 17. Rab1 g6 18. Ng4 Bg7 19. Nh6+ Kf8 20. Qe3 Nf6 21. Nd2 d5
22. Ng4 Nxg4 23. Bxg4 Kg8 24. Be2 Re7 25. Nf3 Kh8 26. d4 cxd4 27. Nxd4 Bxd4 28.
Qxd4+ e5 29. Qd2 dxc4 30. Qc1 Bxe4 31. Rb2 c3 32. Ra2 Bd3 33. Qe3 e4 34. Rd1
Bxe2 35. Qxe2 Red7 36. Rxd7 Rxd7 37. Qxe4 Rd1+ 0-1